| 000 -LEADER |
| fixed length control field |
01783cam a22002294a 4500 |
| 020 ## - INTERNATIONAL STANDARD BOOK NUMBER |
| ISBN |
9781462502820 (pbk.) |
| 020 ## - INTERNATIONAL STANDARD BOOK NUMBER |
| ISBN |
9781462502899 (hardcover) |
| 040 ## - CATALOGING SOURCE |
| Transcribing agency |
DLC |
| 082 00 - DEWEY DECIMAL CLASSIFICATION NUMBER |
| Classification number |
372 GUI 2012 A114 Or. |
| 100 1# - MAIN ENTRY--AUTHOR NAME |
| Personal name |
Vadasy, Patricia F. |
| 245 10 - TITLE STATEMENT |
| Title |
Vocabulary instruction for struggling students / |
| 260 ## - PUBLICATION, DISTRIBUTION, ETC. (IMPRINT) |
| Place of publication |
New York : |
| Name of publisher |
Guilford Press, |
| Year of publication |
c2012. |
| 300 ## - PHYSICAL DESCRIPTION |
| Number of Pages |
xiv, 190 p. ; |
| Dimensions |
26 cm. |
| 490 1# - SERIES STATEMENT |
| Series statement |
What works for special-needs learners |
| 500 ## - GENERAL NOTE |
| General note |
Machine generated contents note: 1. Origins of Vocabulary Knowledge and Its Role in Reading Comprehension2. Word Properties That Affect Vocabulary Instruction3. Making Principled Decisions about Vocabulary Instruction4. Early Approaches to Vocabulary Instruction5. Evidence-Based Instructional Approaches for School-Age Children6. Independent Vocabulary Learning Approaches7. Vocabulary Assessment 8. Teaching Vocabulary to English Language Learners. |
| 520 ## - SUMMARY, ETC. |
| Summary, etc |
"Addressing a key skill in reading, writing, and speaking, this comprehensive book is grounded in cutting-edge research on vocabulary development. It presents evidence-based instructional approaches for at-risk students, including English language learners and those with learning difficulties. Coverage ranges from storybook reading interventions for preschoolers to direct instruction and independent word-learning strategies for older students. Guidance is provided on using word lists effectively and understanding how word features influence learning. The book also reviews available vocabulary assessment tools and describes how to implement them in a response-to-intervention framework"--Provided by publisher. |
| 650 #0 - SUBJECT ADDED ENTRY--TOPICAL TERM |
| Topical Term |
Vocabulary |
| 650 #0 - SUBJECT ADDED ENTRY--TOPICAL TERM |
| Topical Term |
Learning disabled children |
| 650 #0 - SUBJECT ADDED ENTRY--TOPICAL TERM |
| Topical Term |
Reading |
| 700 1# - ADDED ENTRY--PERSONAL NAME |
| Personal name |
Nelson, J. Ron. |
| 942 ## - ADDED ENTRY ELEMENTS (KOHA) |
| Koha item type |
សៀវភៅភាសាអង់គ្លេស |
| 952 ## - LOCATION AND ITEM INFORMATION (KOHA) |
| Withdrawn status [LOCAL, KOHA] |
0 |
| 952 ## - LOCATION AND ITEM INFORMATION (KOHA) |
| Withdrawn status [LOCAL, KOHA] |
0 |